El enclave bananero en la historia de Honduras /
Gespeichert in:
| 1. Verfasser: | |
|---|---|
| Weitere Verfasser: | |
| Format: | Text |
| Sprache: | Spanish |
| Schlagworte: | |
| Tags: |
Tag hinzufügen
Keine Tags, Fügen Sie den ersten Tag hinzu!
|
MARC
| LEADER | 00000 a a2200000 04500 | ||
|---|---|---|---|
| 001 | 42565 | ||
| 003 | cru CRAI/IIS | ||
| 005 | 20210427120301.0 | ||
| 008 | 210427b ||||| |||| 00| 0 spa d | ||
| 040 | |c cru CRAI/IIS | ||
| 100 | |a Lainez, Vilma | ||
| 245 | |a El enclave bananero en la historia de Honduras / |c Vilma Lainez;Victor Meza | ||
| 500 | |a También EN: Anuario de Estudios Centroamericanos, nº 1, 1974. pp. 187-225. nº acceso: 04831.09 | ||
| 500 | |a Colección Centroamérica | ||
| 650 | |a BANANOS | ||
| 650 | |a EMPRESAS TRANSNACIONALES | ||
| 650 | |a GRUPOS DE INTERESES | ||
| 650 | |a SECTOR AGROPECUARIO | ||
| 650 | |a INVERSIONES EXTRANJERAS | ||
| 650 | |a ANALISIS | ||
| 650 | |a HISTORICO | ||
| 650 | |a HONDURAS | ||
| 700 | |a Meza, Victor | ||
| 773 | |g volumen2, número5 ( , 1973), Páginas 115-156 | ||
| 773 | 0 | |0 18875 |9 5525 |a Universidad de Costa Rica. |d San José, Costa Rica: Universidad de Costa Rica. Consejo Superior Universitario Centroamericano, 1972- |o 13778 |t Estudios Sociales Centroamericanos / |x 03039676 | |
| 942 | |2 ddc |c PP | ||
| 999 | |c 29123 |d 29123 | ||
